[Event "SLO-chT2 East"]
[Site "Slovenia"]
[Date "2016.09.24"]
[Round "1"]
[White "Kusic, Dalibor"]
[Black "Petre, Janko"]
[Result "1/2-1/2"]
[WhiteElo "1897"]
[BlackElo "1721"]
[PlyCount "60"]
[EventDate "2016.09.24"]
[EventType "team-tourn"]
[EventRounds "9"]
[EventCountry "SLO"]
[SourceTitle "EXT 2019"]
[Source "ChessBase"]
[SourceDate "2018.10.10"]
[SourceVersion "1"]
[SourceVersionDate "2018.10.10"]
[SourceQuality "1"]
[WhiteTeam "Maribor Gambit"]
[BlackTeam "Malecnik"]
[WhiteTeamCountry "SLO"]
[BlackTeamCountry "SLO"]

1. e4 d6 2. d4 Nf6 3. Nc3 g6 4. Nf3 Bg7 5. Be2 0-0 6. h3 c6 7. a4 Nbd7 8. 0-0 Qc7 9. Bf4 e5 10. Bh2 Re8 11. dxe5 dxe5 12. Bc4 h6 13. Qe2 a5 14. Rad1 Nf8 15. Qd2 Nh5 16. Qd6 Qxd6 17. Rxd6 Nf4 18. Bxf4 exf4 19. Re1 Be6 20. Bxe6 Rxe6 21. Rxe6 Nxe6 22. e5 Rd8 23. Rd1 Rxd1+ 24. Nxd1 Nc5 25. Nc3 Ne6 26. Ne4 g5 27. Nd6 Nc5 28. b3 b6 29. Nf5 Nd7 30. N5d4 c5 1/2-1/2

[Event "SLO-chT2 East"]
[Site "Slovenia"]
[Date "2015.11.21"]
[Round "9"]
[White "Mohr, Pablo"]
[Black "Petre, Janko"]
[Result "1/2-1/2"]
[WhiteElo "1365"]
[BlackElo "1705"]
[PlyCount "38"]
[EventDate "2015.09.05"]
[EventType "team-tourn"]
[EventRounds "9"]
[EventCountry "SLO"]
[SourceTitle "EXT 2019"]
[Source "ChessBase"]
[SourceDate "2018.10.10"]
[SourceVersion "1"]
[SourceVersionDate "2018.10.10"]
[SourceQuality "1"]
[WhiteTeam "Maribor ZSK III"]
[BlackTeam "Malecnik"]
[WhiteTeamCountry "SLO"]
[BlackTeamCountry "SLO"]

1. e4 d6 2. d4 Nf6 3. Nc3 g6 4. Be3 Bg7 5. Qd2 c6 6. Bh6 Bxh6 7. Qxh6 Qa5 8. f3 Be6 9. Bd3 Na6 10. a3 Nb4 11. Qd2 Nxd3+ 12. Qxd3 Qg5 13. Qd2 Qxd2+ 14. Kxd2 a6 15. Nge2 Bc4 16. Ng1 Be6 17. Nge2 Bc4 18. Ng1 Be6 19. Nge2 Bc4 1/2-1/2

[Event "SLO-chT2 East"]
[Site "Slovenia"]
[Date "2015.10.10"]
[Round "4"]
[White "Petre, Janko"]
[Black "Blazinc, Joze"]
[Result "1-0"]
[WhiteElo "1705"]
[BlackElo "1787"]
[PlyCount "77"]
[EventDate "2015.09.05"]
[EventType "team-tourn"]
[EventRounds "9"]
[EventCountry "SLO"]
[SourceTitle "EXT 2019"]
[Source "ChessBase"]
[SourceDate "2018.10.10"]
[SourceVersion "1"]
[SourceVersionDate "2018.10.10"]
[SourceQuality "1"]
[WhiteTeam "Malecnik"]
[BlackTeam "Brezice"]
[WhiteTeamCountry "SLO"]
[BlackTeamCountry "SLO"]

1. d4 d5 2. c3 Nf6 3. Bf4 Bf5 4. e3 e6 5. Bd3 Bg6 6. Nf3 c5 7. Ne5 Bxd3 8. Qxd3 Qb6 9. Nd2 Nc6 10. 0-0 Be7 11. h3 0-0 12. Bg5 Rfd8 13. f4 cxd4 14. exd4 Qc7 15. Rae1 g6 16. Qg3 Nh5 17. Qe3 Ng7 18. Bxe7 Qxe7 19. Ndf3 Qc7 20. g4 Ne7 21. Re2 Nc8 22. Nd2 Nd6 23. Nd3 Rac8 24. Qe5 Nc4 25. Qxc7 Rxc7 26. Nxc4 Rxc4 27. Rc1 Rc7 28. Rce1 h5 29. Kg2 hxg4 30. hxg4 Rcc8 31. Kf3 Kf8 32. Rh1 Ke7 33. Ne5 Rh8 34. Reh2 Rxh2 35. Rxh2 b5 36. Rh7 Rg8 37. Nc6+ Kd7 38. Nxa7 Ra8 39. Rxg7 1-0